书目信息 |
| 题名: |
学术论文指导
|
|
| 作者: | 张天定 , 杜兴梅 , 于怀钦 主编 | |
| 分册: | ||
| 出版信息: | 开封 河南大学出版社 2000 |
|
| 页数: | 339页 | |
| 开本: | 21cm | |
| 丛书名: | 大学生素质教育丛书 | |
| 单 册: | ||
| 中图分类: | G642.477 | |
| 科图分类: | ||
| 主题词: | 毕业论文--bi ye lun wen--写作--高等学校--教学参考资料 | |
| 电子资源: | ||
| ISBN: | 7-81041-773-8 | |
| 000 | 00957nam 2200277 450 | |
| 001 | CAL 012001369240 | |
| 005 | 20060116094543.35 | |
| 010 | @a7-81041-773-8@dCNY18.00 | |
| 092 | @aCN | |
| 100 | @a20010523d2000 em y0chiy0120 ea | |
| 101 | 0 | @achi |
| 102 | @aCN@b410000 | |
| 105 | @aak a 000yy | |
| 200 | 1 | @a学术论文指导@Axue shu lun wen zhi dao@e学年论文 毕业论文 学位论文@f张天定, 杜兴梅, 于怀钦主编@Fzhang tian ding,du xing mei,yu huai qin zhu bian |
| 210 | @a开封@c河南大学出版社@d2000 | |
| 215 | @a339页@c图@d21cm | |
| 225 | 2 | @a大学生素质教育丛书@Ada xue sheng su zhi jiao yu cong shu |
| 320 | @a有书目 (第337页) | |
| 461 | 0 | @12001 @a大学生素质教育丛书 |
| 606 | 0 | @a毕业论文@Abi ye lun wen@x写作@x高等学校@j教学参考资料 |
| 690 | @aG642.477@v4 | |
| 701 | 0 | @a张天定@Azhang tian ding@4主编 |
| 701 | 0 | @a杜兴梅@Adu xing mei@4主编 |
| 701 | 0 | @a于怀钦@Ayu huai qin@4主编 |
| 801 | 0 | @aCN@bTSSF@c20060116 |
| 905 | @a10447@dG642.477@e178 | |
| 学术论文指导:学年论文 毕业论文 学位论文/张天定, 杜兴梅, 于怀钦主编.-开封:河南大学出版社,2000 |
| 339页:图;21cm.-(大学生素质教育丛书) |
| ISBN 7-81041-773-8:CNY18.00 |
| ● |
| 相关链接 |
|
|
|
|
正题名:学术论文指导
索取号:G642.477/178
 
预约/预借
| 序号 | 登录号 | 条形码 | 馆藏地/架位号 | 状态 | 备注 |
| 1 | 0337966 | 203379664 | 第一样本阅览室/ [索取号:G642.477/178] | 在馆 | |
| 2 | 0337968 | 203379682 | 第四借阅区/ [索取号:G642.477/178] | 在馆 | |
| 3 | 0337969 | 203379691 | 第四借阅区/ [索取号:G642.477/178] | 在馆 | |
| 4 | 0337970 | 203379708 | 第四借阅区/ [索取号:G642.477/178] | 在馆 |